Making sense of sports /

Bibliographic Details
Main Author: Cashmore, Ellis
Corporate Author: NetLibrary, Inc
Other Authors: Cashmore, Ernest
Format: eBook
Language:English
Published: London ; New York : Routledge, 2000.
Edition:3rd ed.
Subjects:
Online Access:Connect to the full text of this electronic book

MARC

Tag First Indicator Second Indicator Subfields
LEADER 00000cam a2200000La 4500
001 in00001753631
005 20220105110335.0
006 m u
007 cr cn---------
008 010823s2000 enka sb 001 0 eng d
020 |a 0203171004 (electronic bk.) 
035 |a (OCoLC)ocm48139011 
040 |a N$T  |c N$T  |d OCLCQ  |d UtOrBLW 
049 |a IICA 
050 1 4 |a GV706.5  |b .C38 2000eb 
082 0 4 |a 306.4/83  |2 21 
100 1 |a Cashmore, Ellis.  |0 http://id.loc.gov/authorities/names/n80063643 
245 1 0 |a Making sense of sports /  |c Ellis Cashmore. 
250 |a 3rd ed. 
264 1 |a London ;  |a New York :  |b Routledge,  |c 2000. 
300 |a x, 420 pages :  |b illustrations ;  |c 26 cm. 
336 |a text  |b txt  |2 rdacontent 
337 |a computer  |b c  |2 rdamedia 
338 |a online resource  |b cr  |2 rdacarrier 
500 |a Revised edition of: Making sense of sport. 1996. 
504 |a Includes bibliographical references (pages 387-397) and indexes. 
533 |a Electronic reproduction.  |b Boulder, Colo. :  |c NetLibrary,  |d 2001.  |n Available via World Wide Web.  |n Access may be limited to NetLibrary affiliated libraries. 
500 |a Electronic resource. 
650 0 |a Sports  |x Social aspects. 
655 7 |a Electronic books.  |2 local 
700 1 |a Cashmore, Ernest.  |t Making sense of sport. 
710 2 |a NetLibrary, Inc.  |0 http://id.loc.gov/authorities/names/no99080690 
776 1 |c Original  |z 0415232244  |w (DLC) 99058714  |w (OCoLC)42882740 
856 4 1 |u https://proxy.library.tamu.edu/login?url=http://www.netLibrary.com/urlapi.asp?action=summary&v=1&bookid=60987  |z Connect to the full text of this electronic book  |t 0 
994 |a X0  |b IIC 
999 |a MARS 
999 f f |s 957a36e3-0d13-30d7-8b3d-198039444ea1  |i 9deffb62-be29-3a3e-957f-ffb5e8a1a835  |t 0 
952 f f |a Texas A&M University  |b College Station  |c Electronic Resources  |d Available Online  |t 0  |e GV706.5 .C38 2000eb  |h Library of Congress classification 
998 f f |a GV706.5 .C38 2000eb  |t 0  |l Available Online